Normal view
MARC view
Entry Personal Name
001 - CONTROL NUMBER
- control field: 41478
003 - CONTROL NUMBER IDENTIFIER
- control field: OSt
005 - DATE AND TIME OF LATEST TRANSACTION
- control field: 20230524204754.0
008 - FIXED-LENGTH DATA ELEMENTS
- fixed length control field: 230524|| aca||aabn | a|a d
040 ## - CATALOGING SOURCE
- Original cataloging agency: OSt
- Transcribing agency: OSt
100 ## - HEADING--PERSONAL NAME
- Personal name: M.W.Witczak
670 ## - SOURCE DATA FOUND
- Source citation: Work cat.: (OSt)55749: E.J.Yoder 41477, Principles Of Pavement Design, 2014
